• 首页
  • 本馆介绍
  • 公告通知
  • 最新文献
  • 馆藏检索
  • 电子资源
  • 读者导购
  • 参考咨询
  • 我的图书馆
  • 登录
  • 详细信息显示
  • 放入我的书架
  • 预约/预借图书
  • 作者相关作品
  • 分类相关作品
  • 丛书相关作品
  • 出版社相关作品

书目信息

  • 表格格式
  • 工作单格式
  • 卡片格式
题名:
休闲活动策划与管理
    
 
作者: 刘嘉龙 编著
分册:  
出版信息: 上海   上海人民出版社  2016.09
页数: 377页
开本: 24cm
丛书名:
单 册:
中图分类: C913.3
科图分类:
主题词: 闲暇社会学--高等学校--教材
电子资源:
ISBN: 978-7-5432-2653-1
000 01017nam0 2200277 450
001 0120162012876
005 20170911174649.96
010    @a978-7-5432-2653-1@dCNY48.00
100    @a20161017d2016 em y0chiy50 ea
101 0  @achi
102    @aCN@b310000
105    @aa z 000yy
106    @ar
200 1  @a休闲活动策划与管理@9xiu xian huo dong ce hua yu guan li@f刘嘉龙[等]编著
205    @a3版
210    @a上海@c上海人民出版社@c格致出版社@d2016.09
215    @a377页@c图@d24cm
300    @a高等院校旅游学科21世纪规划教材
304    @a编著还有:胡坚强,温燕,苏永华
330    @a本教材应用最新休闲活动研究成果,分析休闲活动的运行规律、从多维视角审视休闲活动的发展趋势,阐述了旅游休闲活动、文化休闲活动、演出活动、运动休闲活动、娱乐休闲活动、节日庆典活动和赛事活动的策划原理和方法。
333    @a高校旅游学专业师生
606 0  @a闲暇社会学@x高等学校@j教材
690    @aC913.3@v5
701  0 @a刘嘉龙@9liu jia long@4编著
801  0 @aCN@b人天书店@c20161017
905    @b1068500-05@dC913.3@e1263=3@f6
    
    休闲活动策划与管理/刘嘉龙[等]编著.-3版.-上海:上海人民出版社:格致出版社,2016.09
    377页:图;24cm
    高等院校旅游学科21世纪规划教材.-使用对象:高校旅游学专业师生
    
    ISBN 978-7-5432-2653-1:CNY48.00
    本教材应用最新休闲活动研究成果,分析休闲活动的运行规律、从多维视角审视休闲活动的发展趋势,阐述了旅游休闲活动、文化休闲活动、演出活动、运动休闲活动、娱乐休闲活动、节日庆典活动和赛事活动的策划原理和方法。
●
相关链接 在E读中查询图书 在五车中查询图书 在当当中查询图书 在豆瓣中查询图书


正题名:休闲活动策划与管理     索取号:C913.3/1263=3         预约/预借

序号 登录号 条形码 馆藏地/架位号 状态 备注
1 1068500   210685007   第一样本阅览室/ [索取号:C913.3/1263=3] 在馆    
2 1068501   210685016   密集书库-马院/ [索取号:C913.3/1263=3] 在馆    
3 1068502   210685025   第一借阅区/ [索取号:C913.3/1263=3] 在馆    
4 1068503   210685034   第一借阅区/ [索取号:C913.3/1263=3] 在馆    
5 1068504   210685043   第一借阅区/ [索取号:C913.3/1263=3] 在馆    
6 1068505   210685052   第一借阅区/ [索取号:C913.3/1263=3] 在馆    
唐山师范学院图书馆 欢迎您!
大连网信软件有限公司© 版权所有